[Event "Tourn. n9325"]
[Site "www.chess-mail.com"]
[Date "2017.05.28"]
[Round "1"]
[White "Chessington"]
[Black "Seger"]
[WhiteElo "2240"]
[BlackElo "2680"]
[Result "1/2-1/2"]
[Round "1"]
1.Ng1f3 d5
2.d4 e6
3.e3 Ng8f6
4.Nb1d2 b6
5.Bf1d3 c5
6.O-O Bf8e7
7.b3 Nb8c6
8.Bc1b2 O-O
9.a3 a5
10.c4 cxd4
11.exd4 Bc8b7
12.Rf1e1 Be7d6
13.Nf3e5 Nc6e7
14.Qd1e2 Ra8c8
15.Ra1d1 Ne7g6
16.g3 Bd6e7
17.Bd3b1 Rf8e8
18.Nd2f3 Nf6d7
19.Ne5xf7 Kxf7
20.Qe2xe6 Kf8
21.Nf3e5 Nd7xe5
22.dxe5 Be7c5
23.Qe6g4 d4
24.Bb2xd4 Qd8e7
25.Bd4xc5 { draw }
1/2-1/2

[Event "Tourn. n9299"]
[Site "www.chess-mail.com"]
[Date "2017.05.28"]
[Round "1"]
[White "Jaroslavpech"]
[Black "Amaya"]
[WhiteElo "2120"]
[BlackElo "2100"]
[Result "1-0"]
[Round "1"]
1.d4 Ng8f6
2.c4 g6
3.Nb1c3 Bf8g7
4.e4 d6
5.Ng1f3 O-O
6.Bf1e2 Nb8d7
7.O-O e5
8.Qd1c2 exd4
9.Nf3xd4 h6
10.Bc1e3 Rf8e8
11.Ra1d1 Nd7c5
12.f3 Nc5a6
13.Qc2d2 Bc8d7
14.Be3xh6 Nf6h7
15.Bh6xg7 Kxg7
16.f4 Qd8h4
17.e5 Re8h8
18.Nd4f3 Qh4h6
19.Qd2d4 Bd7e6
20.exd6 Nh7f6
21.Nc3e4 c5
22.Qd4xf6 Kf8
23.d7 Be6xd7
24.Rd1xd7 Qh6h7
25.Ne4g5 { resign }
1-0

[Event "Tourn. n9390"]
[Site "www.chess-mail.com"]
[Date "2017.05.28"]
[Round "1"]
[White "Picifarkinca"]
[Black "Cristiano"]
[WhiteElo "2020"]
[BlackElo "2240"]
[Result "1-0"]
[Round "1"]
1.Ng1f3 Ng8f6
2.d4 d6
3.c4 g6
4.Nb1c3 Bf8g7
5.e4 O-O
6.h3 Nb8d7
7.Bf1e2 e5
8.d5 Ra8b8
9.Bc1e3 a6
10.O-O b6
11.Qd1d2 Nd7c5
12.Be2d3 Nc5xd3
13.Qd2xd3 Nf6h5
14.Nf3d2 { resign }
1-0

[Event "Tourn. n9291"]
[Site "www.chess-mail.com"]
[Date "2017.05.28"]
[Round "1"]
[White "Abuelo"]
[Black "Xkafi"]
[WhiteElo "2150"]
[BlackElo "2010"]
[Result "1-0"]
[Round "1"]
1.e4 e5
2.Ng1f3 Qd8f6
3.Bf1c4 Bf8c5
4.d3 h6
5.Nb1c3 c6
6.a4 a5
7.O-O Ng8e7
8.Qd1e2 Nb8a6
9.Bc4xa6 Ra8xa6
10.b3 d6
11.h3 Ne7g6
12.Bc1e3 Ng6f4
13.Be3xf4 Qf6xf4
14.g3 Qf4xg3
15.Kh1 Qg3xh3
16.Nf3h2 Bc8g4
17.Qe2xg4 Qh3xg4
18.Nh2xg4 f5
19.Ng4e3 f4
20.Ne3d1 Bc5d4
21.Ra1a2 g5
22.Nc3e2 Bd4c5
23.Nd1b2 g4
24.Nb2c4 h5
25.c3 Ke7
26.d4 exd4
27.Ne2xf4 Rh8h6
28.cxd4 Bc5xd4
29.Ra2d2 c5
30.Kg2 h4
31.Kh2 Bd4c3
32.Nf4d5 { resign }
1-0

[Event "Tourn. n9327"]
[Site "www.chess-mail.com"]
[Date "2017.05.28"]
[Round "1"]
[White "Kevinking"]
[Black "Sorento"]
[WhiteElo "1910"]
[BlackElo "2100"]
[Result "0-1"]
[Round "1"]
1.c4 f5
2.g3 Ng8f6
3.Bf1g2 e6
4.Ng1f3 Bf8e7
5.Nb1c3 O-O
6.O-O d6
7.d4 Nf6e4
8.Nc3xe4 fxe4
9.Nf3d2 d5
10.f3 e3
11.Nd2b1 c5
12.Bc1xe3 Nb8c6
13.cxd5 cxd4
14.Be3xd4 Nc6xd4
15.Qd1xd4 Be7f6
16.Qd4b4 a5
17.Qb4d2 Qd8b6
18.Kh1 Qb6xb2
19.Qd2xb2 Bf6xb2
20.Nb1d2 Bb2xa1
21.Rf1xa1 exd5
22.e4 dxe4
23.Nd2xe4 Rf8d8
 { time }
0-1

[Event "Tourn. n9363"]
[Site "www.chess-mail.com"]
[Date "2017.05.28"]
[Round "1"]
[White "Ruko"]
[Black "Cjood"]
[WhiteElo "1950"]
[BlackElo "2050"]
[Result "1-0"]
[Round "1"]
1.e4 g5
2.d4 e6
3.Ng1f3 Bf8e7
4.Nb1c3 b6
5.Bc1e3 Bc8b7
6.Bf1d3 d5
7.a3 dxe4
8.Bd3xe4 Bb7xe4
9.Nc3xe4 h6
10.h4 gxh4
11.Nf3e5 Qd8d5
12.Qd1f3 f5
13.Qf3h5 Kd8
14.Ne5f7 Kc8
15.Nf7xh8 Qd5xe4
16.O-O-O Nb8c6
17.Qh5f3 Ng8f6
18.Qf3xe4 Nf6xe4
19.Nh8g6 Be7g5
20.f4 Bg5f6
21.Ng6xh4 Bf6xh4
22.Rh1xh4 Kb7
23.Rh4xh6 Ra8e8
24.Rd1h1 Ne4g3
25.Rh6h8 Re8e7
26.Rh1h7 Re7xh7
27.Rh8xh7 Nc6xd4
28.Be3xd4 Ng3e2
29.Kd2 Ne2xd4
30.Rh7e7 Kc6
31.c3 Kd6
32.Re7e8 a5
33.cxd4 Kd7
34.Re8g8 Kc6
35.Kc3 { resign }
1-0

[Event "Match"]
[Site "www.echecsemail.com"]
[Date "2017.05.28"]
[Round "1"]
[White "Cristiano"]
[Black "Cal"]
[WhiteElo "2240"]
[BlackElo "1690"]
[Result "0-1"]
[Round "1"]
1.e4 e5
2.f4 exf4
3.Ng1f3 h6
4.Bf1c4 d6
5.d4 Ng8f6
6.Nb1c3 a6
7.Bc1xf4 Bf8e7
8.O-O O-O
9.e5 dxe5
10.Bf4xe5 Bc8g4
11.h3 Bg4h5
12.Qd1e2 Nf6d7
13.Be5g3 Nb8c6
14.Bg3f2 Be7d6
15.Ra1e1 Qd8f6
16.Nc3d5 Qf6g6
17.Bc4d3 f5
18.Bd3c4 Bh5xf3
{ resign }
0-1

[Event "Match"]
[Site "www.echecsemail.com"]
[Date "2017.05.28"]
[Round "1"]
[White "Cristiano"]
[Black "Billyg"]
[WhiteElo "2240"]
[BlackElo "1680"]
[Result "0-1"]
[Round "1"]
1.e4 e6
2.d4 h6
3.Ng1f3 d5
4.Nb1c3 a6
5.Bf1d3 Nb8c6
6.Bc1e3 Bf8b4
7.O-O Qd8f6
8.e5 Qf6e7
9.Nc3e2 Bc8d7
10.c3 Bb4a5
11.Ne2c1 O-O-O
12.b4 Ba5b6
13.Nc1b3 a5
14.bxa5 Bb6xa5
15.Nb3xa5 Nc6xa5
16.Qd1c1 f6
17.c4 fxe5
{ resign }
0-1

[Event "Match"]
[Site "www.echecsemail.com"]
[Date "2017.05.28"]
[Round "1"]
[White "Caspito"]
[Black "Osvalazo"]
[WhiteElo "1920"]
[BlackElo "1810"]
[Result "1/2-1/2"]
[Round "1"]
1.e4 e5
2.Ng1f3 Nb8c6
3.Bf1c4 h6
4.c3 Ng8f6
5.d4 Bf8d6
6.d5 Nc6a5
7.Qd1d3 Bd6c5
8.Nf3xe5 O-O
9.O-O Bc5d6
10.b3 Bd6xe5
11.Bc4b5 b6
12.Nb1d2 a6
13.b4 Na5b7
14.Bb5a4 b5
15.Ba4b3 Nb7d6
16.a4 Bc8b7
17.Ra1a2 Nf6g4
18.Nd2f3 Be5xh2
19.Nf3xh2 Ng4xh2
20.Kxh2 Qd8h4
21.Qd3h3 Qh4xe4
22.Bc1e3 Qe4e5
23.g3 Bb7c8
24.Be3d4 Qe5f5
25.Qh3xf5 Nd6xf5
26.axb5 Bc8b7
27.Bb3c4 Nf5d6
28.Bc4b3 Nd6xb5
29.Ra2e2 d6
30.Re2e7 a5
31.Rf1c1 a4
32.Bb3c4 Nb5a3
33.Re7xc7 Bb7c8
34.Bc4d3 Bc8a6
35.c4 Ba6c8
36.Rc1a1 Na3xc4
37.Bd3xc4 Bc8g4
38.Ra1a3 Rf8b8
39.b5 Rb8e8
40.b6 Re8b8
41.Bc4b5 Ra8a5
42.Bb5xa4 Ra5xd5
43.Bd4e3 { draw }
1/2-1/2

[Event "Match"]
[Site "www.echecsemail.com"]
[Date "2017.05.28"]
[Round "1"]
[White "Ranjachess"]
[Black "Rindrandria"]
[WhiteElo "1870"]
[BlackElo "1680"]
[Result "1-0"]
[Round "1"]
1.Nb1c3 c6
2.d4 e5
3.e3 e4
4.Nc3xe4 d5
5.Ne4c3 b5
6.a3 a5
7.Bc1d2 a4
8.Ng1f3 f6
9.e4 Bc8a6
10.Bf1d3 dxe4
11.Bd3xe4 Ng8e7
12.d5 Qd8c7
13.Bd2e3 f5
14.d6 Qc7b7
15.dxe7 fxe4
16.Qd1d8 Kf7
17.e8Q Kg8
18.Qe8xf8 
1-0

[Event "Match"]
[Site "www.echecsemail.com"]
[Date "2017.05.28"]
[Round "1"]
[White "Pwain"]
[Black "Ketchuplover"]
[WhiteElo "2410"]
[BlackElo "1790"]
[Result "1-0"]
[Round "1"]
1.e4 d5
2.exd5 Qd8xd5
3.Nb1c3 Qd5d8
4.d4 Ng8f6
5.Ng1f3 e6
6.Bf1c4 Bf8e7
7.O-O O-O
8.Rf1e1 Nb8c6
9.a3 a6
10.Bc1f4 Bc8d7
11.Qd1d2 b5
12.Bc4d3 Nf6h5
13.Bf4e3 g6
14.d5 exd5
15.Nc3xd5 Nh5f6
16.Nd5xe7 Nc6xe7
17.Be3g5 Ne7d5
18.c4 bxc4
19.Bd3xc4 c6
20.Nf3e5 Rf8e8
21.Bc4xd5 cxd5
22.Ne5xd7 { resign }
1-0

[Event "Match"]
[Site "www.echecsemail.com"]
[Date "2017.05.28"]
[Round "1"]
[White "Sonny1000"]
[Black "Paco"]
[WhiteElo "1320"]
[BlackElo "1960"]
[Result "0-1"]
[Round "1"]
1.d4 d5
2.c3 Nb8c6
3.f3 e5
4.h3 exd4
5.cxd4 Bc8f5
6.g3 Bf8b4
7.Nb1c3 Qd8f6
8.a3 Bb4xc3
9.bxc3 Qf6g6
10.g4 Bf5c2
11.Qd1d2 O-O-O
12.Ra1a2 Bc2b3
13.Ra2b2 Bb3c4
14.a4 Nc6a5
15.Qd2c2 Qg6d6
16.Qc2f5 Rd8d7
17.Rb2b4 Qd6g3
18.Kd2 Qg3f2
19.Kc2 Qf2xf1
20.h4 Qf1g2
21.Qf5g5 f6
22.Qg5d2 Qg2xh1
23.Qd2e3 Qh1xh4
24.Qe3e8 Rd7d8
25.Qe8e6 Kb8
26.Bc1f4 Ng8h6
27.Qe6e7 Rd8c8
28.Qe7xg7 Nh6f5
29.Qg7xf6 Nf5e3
30.Bf4xe3 Qh4xf6
31.g5 Qf6f5
32.Kb2 Rc8e8
33.Be3d2 Bc4xe2
34.g6 Qf5xg6
35.c4 Na5xc4
36.Kb3 Nc4xd2
37.Kb2 Qg6xg1
38.Rb4b5 Qg1xd4
39.Ka3 Re8e3
40.Ka2 Qd4xa4
{ resign }
0-1

[Event "Match"]
[Site "www.echecsemail.com"]
[Date "2017.05.28"]
[Round "1"]
[White "Cjood"]
[Black "Claymil"]
[WhiteElo "1970"]
[BlackElo "2070"]
[Result "0-1"]
[Round "1"]
1.Ng1f3 d5
2.c3 c5
3.d4 c4
4.g3 Nb8c6
5.Bf1g2 g6
6.O-O Bf8g7
7.Bc1f4 e6
8.Nb1d2 Ng8e7
9.e4 dxe4
10.Nd2xe4 O-O
11.Nf3d2 b5
12.Ne4d6 a6
13.d5 Ne7xd5
14.Bg2xd5 exd5
15.Rf1e1 Bc8e6
16.Nd6b7 Qd8d7
17.Nb7c5 Qd7e7
18.Nd2f3 Qe7xc5
19.Qd1c2 h6
20.h4 Rf8e8
21.Re1e2 Be6f5
22.Re2xe8 Ra8xe8
23.Qc2d2 Bf5g4
24.Nf3h2 Re8e2
{ resign }
0-1

[Event "Match"]
[Site "www.echecsemail.com"]
[Date "2017.05.28"]
[Round "1"]
[White "Azocarwagner"]
[Black "Bjonil60"]
[WhiteElo "1299"]
[BlackElo "1410"]
[Result "1-0"]
[Round "1"]
1.c4 c5
2.Nb1c3 Nb8c6
3.g3 e6
4.Ng1f3 Qd8e7
5.Bf1g2 g6
6.O-O b6
7.Nf3e5 Nc6xe5
8.Bg2xa8 a6
9.Ba8g2 b5
10.cxb5 axb5
11.Nc3xb5 Bc8b7
12.Bg2xb7 d6
13.Bb7a6 d5
14.Qd1a4 Ne5d7
15.Nb5c7 Kd8
16.Qa4a5 Qe7d6
17.Nc7b5 Ke7
18.Nb5xd6 Kxd6
19.Ba6c8 Nd7f6
20.Qa5d8 Nf6d7
21.f4 f6
22.Qd8xd7 
1-0

[Event "1/128 Finale"]
[Site "www.chess-mail.com"]
[Date "2017.05.28"]
[Round "1"]
[White "Cristiano"]
[Black "Paulsyd"]
[WhiteElo "2240"]
[BlackElo "2059"]
[Result "0-1"]
[Round "1"]
1.e4 c5
2.Ng1f3 e6
3.d4 cxd4
4.Nf3xd4 a6
5.Nb1c3 Qd8c7
6.Bf1e2 Nb8c6
7.Bc1e3 b5
8.a3 Bc8b7
9.f3 Ng8f6
10.O-O Bf8d6
11.h3 O-O
12.Nd4xc6 Bb7xc6
13.Kh1 Nf6h5
14.Be3f2 Nh5g3
15.Bf2xg3 Bd6xg3
16.Be2d3 Bg3e5
17.Ra1b1 Be5xc3
18.bxc3 d5
19.Qd1e1 dxe4
20.Bd3xe4 Bc6xe4
21.fxe4 Ra8c8
22.Rf1f3 Qc7a5
23.Rb1b3 Rc8c4
24.Rf3e3 Rc4a4
25.Qe1c1 Rf8d8
26.g3 Qa5b6
27.Re3e2 Qb6c6
28.Qc1e3 f5
29.Kh2 Ra4xe4
30.Qe3f2 Rd8d1
{ resign }
0-1

[Event "Eq:Last King-Slap Shot Mates : "]
[Site "www.chess-mail.com"]
[Date "2017.05.28"]
[Round "1"]
[White "Insearchof"]
[Black "Said1991"]
[WhiteElo "2280"]
[BlackElo "2340"]
[Result "1-0"]
[Round "1"]
1.e4 c5
2.Ng1f3 d6
3.d4 cxd4
4.Nf3xd4 Ng8f6
5.Nb1c3 a6
6.h3 Qd8c7
7.g4 h6
8.Bf1g2 e5
{ time. }
1-0

[Event "Tourn. n9216"]
[Site "www.chess-mail.com"]
[Date "2017.05.29"]
[Round "1"]
[White "Geretree"]
[Black "Falcoale"]
[WhiteElo "1860"]
[BlackElo "1950"]
[Result "1-0"]
[Round "1"]
1.e4 c5
2.Ng1f3 Nb8c6
3.d4 cxd4
4.Nf3xd4 e6
5.Nb1c3 a6
6.a3 Ng8f6
7.Bc1g5 h6
8.Bg5f4 d5
9.e5 Nf6d7
10.Nd4xc6 bxc6
11.Bf1d3 Bf8e7
12.Qd1g4 Nd7c5
13.O-O Be7g5
14.Ra1d1 Bg5xf4
15.Qg4xf4 O-O
16.b4 Nc5xd3
17.Rd1xd3 f5
18.Nc3a4 Bc8d7
19.Na4c5 Bd7c8
20.Rf1d1 Qd8e7
21.Rd3h3 Qe7g5
22.Qf4xg5 hxg5
23.Rd1d4 f4
24.Nc5b3 Rf8f5
25.Rh3c3 Rf5xe5
26.f3 Bc8d7
27.Nb3c5 Bd7e8
28.Kf2 Be8f7
29.Nc5d3 Re5f5
30.Rc3xc6 Rf5f6
31.Nd3e5 Kh7
32.Ne5xf7 Rf6xf7
33.Rc6xe6 Rf7c7
34.Re6e2 Ra8c8
35.Rd4xd5 Rc7xc2
36.Rd5xg5 Rc2xe2
37.Kxe2 Rc8c2
38.Kd3 Rc2a2
39.Rg5g4 Ra2xa3
40.Kc4 Ra3a2
41.Kb3 Ra2a1
42.Rg4xf4 Ra1b1
43.Ka4 Rb1a1
44.Kb3 Ra1g1
45.Rf4g4 g6
46.Kc4 Rg1a1
47.Kc5 Ra1a2
48.Kb6 Ra2a3
49.h4 Kh6
50.g3 Ra3xf3
51.Kxa6 Rf3a3
52.Kb6 Ra3b3
53.b5 { resign }
1-0

[Event "Tourn. n9314"]
[Site "www.chess-mail.com"]
[Date "2017.05.29"]
[Round "1"]
[White "Stepanpech"]
[Black "Cristiano"]
[WhiteElo "2300"]
[BlackElo "2240"]
[Result "1-0"]
[Round "1"]
1.e4 e5
2.Ng1f3 Nb8c6
3.Bf1b5 a6
4.Bb5a4 d6
5.c3 Ng8f6
6.O-O Bf8e7
7.Rf1e1 b5
8.Ba4b3 O-O
9.h3 Bc8e6
10.d4 exd4
11.cxd4 Be6xb3
12.axb3 a5
13.d5 Nc6e5
14.Nf3d4 b4
15.Qd1c2 Nf6d7
16.Bc1e3 Nd7c5
17.Re1d1 Be7g5
18.f4 Bg5xf4
19.Be3xf4 f6
20.Nb1d2 Ne5d3
21.Nd4c6 Qd8d7
22.Bf4e3 Ra8a6
23.Nd2c4 { resign }
1-0

[Event "Tourn. n9329"]
[Site "www.chess-mail.com"]
[Date "2017.05.29"]
[Round "1"]
[White "Sorento"]
[Black "Fabos12"]
[WhiteElo "2130"]
[BlackElo "1880"]
[Result "1-0"]
[Round "1"]
1.e4 e5
2.Ng1f3 Nb8c6
3.Bf1c4 h6
4.d4 exd4
5.Nf3xd4 Nc6xd4
6.Qd1xd4 Ng8e7
7.Nb1c3 Ne7c6
8.Qd4e3 Bf8b4
9.Bc1d2 O-O
10.O-O-O Rf8e8
11.f3 b6
12.h4 Nc6e5
13.Bc4b3 Bb4c5
14.Qe3e2 d6
15.g4 Kh7
16.Qe2g2 Bc8d7
17.g5 b5
18.f4 Ne5g6
19.Bb3xf7 Re8e7
20.Bf7xg6 Kxg6
21.f5 Kh7
22.gxh6 Re7f7
23.Qg2g6 Kg8
24.Nc3d5 c6
25.Bd2c3 cxd5
26.Bc3xg7 { resign }
1-0

[Event "Tourn. n9312"]
[Site "www.chess-mail.com"]
[Date "2017.05.29"]
[Round "1"]
[White "Ditto"]
[Black "Nulladies"]
[WhiteElo "1670"]
[BlackElo "1870"]
[Result "0-1"]
[Round "1"]
1.e4 c5
2.Nb1c3 g6
3.Ng1f3 Bf8g7
4.Bf1c4 e6
5.O-O Ng8e7
6.d3 Nb8c6
7.Bc1g5 h6
8.Bg5f4 d5
9.exd5 exd5
10.Bc4b5 Bc8d7
11.Rf1e1 a6
12.Bb5a4 O-O
13.Bf4d6 Rf8e8
14.Bd6xc5 b6
15.Bc5a3 b5
16.Ba4b3 b4
17.Nc3xd5 bxa3
18.c3 axb2
19.Ra1b1 Ne7xd5
20.Qd1c2 Re8xe1
21.Rb1xe1 Bg7xc3
22.Re1f1 Ra8b8
23.Bb3xd5 b1Q
24.Rf1xb1 Rb8xb1
25.Qc2xb1 Qd8b8
26.Bd5b3 Kg7
27.h3 Nc6e5
28.d4 Ne5xf3
29.gxf3 Qb8f4
30.Qb1d1 Bd7xh3
31.Bb3d5 Qf4g5
32.Kh2 Qg5g2
{ resign }
0-1

[Event "Tourn. n9341"]
[Site "www.chess-mail.com"]
[Date "2017.05.29"]
[Round "1"]
[White "Attatroll"]
[Black "Falcoale"]
[WhiteElo "1960"]
[BlackElo "1970"]
[Result "0-1"]
[Round "1"]
1.e4 c5
2.Nb1c3 e6
3.g4 b6
4.Bf1g2 Bc8b7
5.d3 Ng8f6
6.g5 Nf6g8
7.Ng1f3 Nb8c6
8.O-O f6
9.Bc1e3 fxg5
10.Nf3xg5 Ng8f6
11.Nc3b5 a6
12.Nb5c3 Bf8e7
13.Nc3e2 O-O
14.Ne2c3 h6
15.Ng5f3 d5
16.exd5 exd5
17.Be3f4 d4
18.Nc3e4 Nf6xe4
19.dxe4 Rf8xf4
20.e5 Ra8b8
21.c3 d3
22.Rf1e1 c4
23.Nf3d2 Qd8f8
24.Nd2e4 Be7h4
25.Re1f1 Nc6xe5
26.Ne4g3 Bb7xg2
27.Kxg2 Bh4xg3
28.fxg3 Rf4xf1
29.Qd1xf1 Qf8xf1
30.Ra1xf1 Ne5g4
31.Kh3 Ng4e3
{ resign }
0-1

[Event "Tourn. n9363"]
[Site "www.chess-mail.com"]
[Date "2017.05.29"]
[Round "1"]
[White "Masti"]
[Black "Cjood"]
[WhiteElo "1870"]
[BlackElo "2050"]
[Result "1-0"]
[Round "1"]
1.e4 g6
2.d4 Bf8g7
3.Ng1f3 c5
4.Nb1c3 cxd4
5.Nf3xd4 Qd8b6
6.Nd4b3 Qb6b4
7.Qd1f3 Bg7xc3
8.bxc3 Qb4d6
9.Bf1c4 e6
10.O-O Nb8c6
11.Bc1e3 Nc6e5
12.Qf3e2 h5
13.Be3c5 Qd6c7
14.Bc4b5 Ne5g4
15.f4 a5
16.Qe2d3 a4
17.Bc5d6 Qc7d8
18.Nb3c5 b6
19.Nc5xa4 Bc8b7
20.Qd3d4 Qd8h4
21.h3 Ng8f6
22.Bb5xd7 Nf6xd7
23.Qd4xh8 Nd7f8
24.Qh8xf8 Kd7
25.Na4xb6 { resign }
1-0

[Event "Tourn. n9388"]
[Site "www.chess-mail.com"]
[Date "2017.05.29"]
[Round "1"]
[White "Cristiano"]
[Black "Leonger"]
[WhiteElo "2240"]
[BlackElo "2470"]
[Result "0-1"]
[Round "1"]
1.e4 e5
2.f4 exf4
3.Ng1f3 d6
4.d4 g5
5.h4 g4
6.Nf3g1 Bf8h6
7.Bf1c4 c6
8.Nb1c3 b5
9.Bc4e2 b4
10.Nc3a4 Ng8f6
11.e5 dxe5
12.dxe5 Nf6e4
13.Qd1xd8 Kxd8
14.b3 Rh8e8
15.Bc1b2 Kc7
16.c4 Ne4g3
17.Rh1h2 Nb8d7
18.Ra1d1 Nd7xe5
19.Bb2xe5 Re8xe5
20.c5 Bc8a6
{ resign }
0-1

[Event "Tourn. n9318"]
[Site "www.chess-mail.com"]
[Date "2017.05.29"]
[Round "1"]
[White "Crull"]
[Black "Iko"]
[WhiteElo "1800"]
[BlackElo "1700"]
[Result "0-1"]
[Round "1"]
1.d4 d5
2.c4 dxc4
3.Ng1f3 Bc8g4
4.Nf3e5 Bg4e6
5.Nb1c3 f6
6.Ne5f3 Qd8d6
7.Qd1a4 Be6d7
8.Qa4xc4 b5
9.Qc4d3 b4
10.Nc3e4 Qd6d5
11.e3 f5
12.Ne4g3 Bd7b5
13.Qd3xb5 Qd5xb5
14.Bf1xb5 c6
15.Bb5c4 Ng8f6
16.Ng3xf5 g6
17.Nf5g3 a5
18.O-O h5
19.b3 Nb8d7
 { time }
0-1

[Event "Tourn. n9246"]
[Site "www.chess-mail.com"]
[Date "2017.05.29"]
[Round "1"]
[White "Goofy"]
[Black "Tartan"]
[WhiteElo "2340"]
[BlackElo "2410"]
[Result "0-1"]
[Round "1"]
1.e4 e6
2.d4 d5
3.Nb1c3 Bf8b4
4.e5 Qd8d7
5.a3 Bb4xc3
6.bxc3 b6
7.Qd1g4 f5
8.Qg4g3 Bc8a6
9.Bf1d3 h6
10.f4 Kf7
11.a4 Ng8e7
12.Ng1f3 Ba6xd3
13.cxd3 Qd7c6
14.Bc1d2 Rh8d8
15.O-O Kg8
16.Qg3h4 Qc6e8
17.Kh1 Qe8f7
18.Rf1g1 Nb8c6
19.g4 fxg4
20.Qh4xg4 Ne7f5
21.Rg1g2 Nc6e7
22.Ra1g1 c5
23.Qg4h3 Ra8c8
24.dxc5 bxc5
25.Bd2e1 Rc8c7
26.Rg2b2 c4
27.d4 Rd8f8
28.Be1d2 Ne7c6
29.Nf3h4 Qf7h5
30.Rg1g4 Nc6e7
31.Qh3f3 Qh5e8
32.Qf3d1 h5
33.Rg4g5 Nf5xh4
34.Rg5xh5 Nh4f5
35.Rb2b1 Qe8d7
36.Rh5g5 Rc7b7
37.Rb1a1 Rb7b3
{ resign }
0-1

[Event "Tourn. n9233"]
[Site "www.chess-mail.com"]
[Date "2017.05.29"]
[Round "1"]
[White "Nimzo"]
[Black "Pdebonis"]
[WhiteElo "2650"]
[BlackElo "2440"]
[Result "1-0"]
[Round "1"]
1.d4 Ng8f6
2.c4 e6
3.g3 d5
4.Ng1f3 dxc4
5.Bf1g2 Nb8c6
6.Qd1a4 Bf8b4
7.Bc1d2 Bb4d6
8.Nb1a3 O-O
9.Na3xc4 Bc8d7
10.Qa4d1 Nc6e7
11.Nf3e5 Bd7b5
12.Bg2xb7 Ra8b8
13.Bb7g2 Bd6xe5
14.dxe5 Nf6d7
15.Ra1c1 Bb5xc4
16.Rc1xc4 Nd7xe5
17.Rc4c2 Ne7d5
18.O-O Qd8d6
19.Qd1c1 Rf8d8
20.a3 Qd6a6
21.Rf1e1 c6
22.b4 h6
23.Qc1a1 f6
24.Qa1c1 Rb8b7
25.Bg2h3 f5
26.Bh3f1 Qa6b6
27.Rc2c5 Rd8d6
28.Bf1g2 Ne5d7
29.e4 fxe4
30.Re1xe4 Nd7f8
31.Qc1c2 Nf8d7
32.Rc5c4 Nd7f6
33.Re4e2 Rb7e7
34.Bd2c1 e5
35.Bc1b2 Re7e8
36.h4 Kh8
37.Bg2e4 Nf6d7
38.Be4f5 Qb6c7
39.f4 Rd6f6
40.Bf5h3 Re8e7
41.Kg2 Qc7b6
42.Qc2d2 Qb6b5
43.Rc4e4 Rf6f8
44.fxe5 Kg8
45.Bb2d4 Rf8e8
46.Bh3xd7 Re7xd7
47.e6 Rd7c7
48.Bd4c5 Qb5a4
49.Re2f2 Qa4b3
50.Rf2f3 { resign }
1-0

[Event "Match"]
[Site "www.echecsemail.com"]
[Date "2017.05.29"]
[Round "1"]
[White "Cjood"]
[Black "Gimmyg"]
[WhiteElo "1900"]
[BlackElo "2430"]
[Result "0-1"]
[Round "1"]
1.e3 Ng8f6
2.c4 e6
3.a3 c5
4.Nb1c3 d5
5.d4 Nb8c6
6.cxd5 exd5
7.dxc5 Bf8xc5
8.Ng1e2 O-O
9.Ne2d4 Bc5xd4
10.exd4 Rf8e8
11.Bf1e2 Qd8b6
12.Bc1e3 Nc6a5
13.Be2b5 Bc8d7
14.Bb5xd7 Nf6xd7
15.Nc3xd5 Qb6xb2
16.Nd5c7 Qb2c3
17.Kf1 Qc3xc7
18.Ra1c1 Qc7d6
19.Qd1a4 Qd6a6
20.Kg1 Nd7b6
21.Qa4d1 Nb6d5
22.Qd1c2 Nd5xe3
23.fxe3 Re8xe3
24.Qc2c8 Re3e8
{ resign }
0-1

[Event "Match"]
[Site "www.echecsemail.com"]
[Date "2017.05.29"]
[Round "1"]
[White "Ditto"]
[Black "Cristiano"]
[WhiteElo "1750"]
[BlackElo "2240"]
[Result "1-0"]
[Round "1"]
1.e4 e5
2.Ng1f3 Nb8c6
3.Bf1c4 Ng8f6
4.d3 d5
5.exd5 Nf6xd5
6.O-O Bf8e7
7.c3 Bc8g4
8.Bc4b5 Be7d6
9.Nb1d2 O-O
10.Bb5c4 Nd5f6
11.Rf1e1 a6
12.Qd1b3 Nc6a5
13.Qb3a4 { resign }
1-0

[Event "Match"]
[Site "www.echecsemail.com"]
[Date "2017.05.29"]
[Round "1"]
[White "Billyg"]
[Black "Motorhead99"]
[WhiteElo "1680"]
[BlackElo "1770"]
[Result "0-1"]
[Round "1"]
1.e4 d6
2.d4 Ng8f6
3.Qd1e2 Nb8d7
4.Nb1c3 e5
5.Bc1g5 Bf8e7
6.dxe5 Nd7xe5
7.O-O-O c6
8.h3 h6
9.Bg5xf6 Be7xf6
10.g4 Qd8c7
11.Ng1f3 Ne5xf3
12.Qe2xf3 b5
13.Qf3f4 Bf6g5
14.Qf4xg5 hxg5
15.Nc3e2 Bc8xg4
16.Rd1d4 Bg4e6
17.Bf1g2 a5
18.Rh1d1 O-O-O
19.f4 gxf4
20.Ne2xf4 g5
21.Nf4xe6 fxe6
22.c4 bxc4
23.Rd4xc4 d5
24.exd5 exd5
25.Bg2xd5 Rd8xd5
26.Rd1xd5 cxd5
27.Rc4xc7 Kxc7
{ resign }
0-1

[Event "Match"]
[Site "www.echecsemail.com"]
[Date "2017.05.29"]
[Round "1"]
[White "Motorhead99"]
[Black "Sozaro"]
[WhiteElo "1790"]
[BlackElo "2430"]
[Result "1-0"]
[Round "1"]
1.e4 e5
2.f4 exf4
3.Bf1c4 Ng8f6
4.d3 Bf8c5
5.Bc1xf4 d5
6.exd5 O-O
7.Ng1f3 Nf6xd5
8.Bc4xd5 Qd8xd5
9.Nb1c3 Rf8e8
10.Kf1 Qd5h5
11.Bf4xc7  { time }
1-0

[Event "Match"]
[Site "www.echecsemail.com"]
[Date "2017.05.29"]
[Round "1"]
[White "Chapi"]
[Black "Motorhead99"]
[WhiteElo "2130"]
[BlackElo "1810"]
[Result "1-0"]
[Round "1"]
1.d4 d6
2.c4 e5
3.dxe5 dxe5
4.Qd1xd8 Kxd8
5.Nb1c3 Bf8b4
6.Bc1d2 Bc8e6
7.e3 Ng8f6
8.a3 Bb4xc3
9.Bd2xc3 Nb8d7
10.Ng1f3 e4
11.Nf3g5 h6
12.Ng5xe6 fxe6
13.b4 e5
14.Ra1d1 Ke7
15.Bf1e2 Rh8f8
16.O-O Ra8d8
17.Rd1d2 c6
18.Rf1d1 h5
19.a4 Nd7b6
20.a5 Rd8xd2
21.Rd1xd2 Nb6d7
22.b5 c5
23.Be2d1 Ke6
24.Bd1a4 b6
25.Ba4d1 g6
26.axb6 axb6
27.Rd2a2 h4
28.Ra2a6 Rf8d8
29.Bc3a5 Rd8b8
30.f3 Kf5
31.Ba5e1 exf3
32.gxf3 g5
33.Ra6a2 h3
34.Be1g3 g4
35.Ra2f2 gxf3
36.Rf2xf3 Ke6
37.Bg3h4 Rb8g8
38.Kf1 Nf6e4
39.Bh4e1 Rg8f8
40.Rf3xf8 Nd7xf8
41.Bd1g4 Kd6
42.Bg4xh3 Nf8e6
43.Bh3xe6 Kxe6
44.Ke2 Kf5
45.Kd3 Ne4d6
46.Be1h4 Kg4
47.Bh4d8 Nd6c8
48.Bd8c7 Kf5
49.h4 { resign }
1-0

[Event "Match"]
[Site "www.echecsemail.com"]
[Date "2017.05.29"]
[Round "1"]
[White "Guidom"]
[Black "Motorhead99"]
[WhiteElo "2120"]
[BlackElo "1860"]
[Result "1-0"]
[Round "1"]
1.e4 d6
2.d4 Ng8f6
3.Nb1c3 Nb8d7
4.Bc1g5 h6
5.Bg5h4 g5
6.Bh4g3 e5
7.dxe5 Nd7xe5
8.Bg3xe5 dxe5
9.Qd1xd8 Kxd8
10.Bf1c4 Bc8e6
11.Bc4xe6 fxe6
12.Ng1f3 Bf8d6
13.O-O-O Ke7
14.h3 Rh8g8
15.g3 g4
16.hxg4 Nf6xg4
17.Rd1d2 Bd6b4
18.Rh1h5 Bb4xc3
19.bxc3 Ra8d8
20.Nf3xe5 Rd8xd2
21.Kxd2 Ng4xf2
22.Ke3 Nf2g4
23.Ne5xg4 Rg8xg4
24.Kf3 Rg4g6
25.g4 Kf6
26.Kf4 e5
27.Kf3 Ke6
28.Rh5f5 Rg6g5
29.c4 Rg5g6
30.a4 c6
31.c5 b6
32.cxb6 axb6
33.c4 Rg6f6
34.Ke3 Rf6xf5
35.exf5 Kf6
36.Ke4 { resign }
1-0

[Event "Match"]
[Site "www.echecsemail.com"]
[Date "2017.05.29"]
[Round "1"]
[White "Krystek23"]
[Black "Joseph1983"]
[WhiteElo "2350"]
[BlackElo "2160"]
[Result "1-0"]
[Round "1"]
1.c4 e6
2.Nb1c3 d5
3.d4 Ng8f6
4.Ng1f3 c6
5.e3 b6
6.Bf1d3 dxc4
7.Bd3xc4 Bc8b7
8.e4 c5
9.d5 exd5
10.Bc4b5 Bb7c6
11.O-O Bc6xb5
12.Nc3xb5 a6
13.e5 Nf6e4
14.Nb5d6 Ne4xd6
15.Qd1xd5 Ra8a7
16.Bc1g5 Bf8e7
17.Bg5xe7 Ra7xe7
18.exd6 { resign }
1-0

[Event "Match"]
[Site "www.echecsemail.com"]
[Date "2017.05.29"]
[Round "1"]
[White "Sonny1000"]
[Black "Mrmoto"]
[WhiteElo "1420"]
[BlackElo "1680"]
[Result "0-1"]
[Round "1"]
1.e4 e5
2.Qd1e2 Nb8c6
3.c3 f6
4.Ng1f3 d5
5.d3 Bc8g4
6.h3 Bg4h5
7.g4 Bh5g6
8.a4 h6
9.Bc1e3 d4
10.Be3d2 a6
11.Ra1a3 Bf8xa3
12.bxa3 Ng8e7
13.Nf3h4 Bg6h7
14.c4 Qd8d7
15.Qe2d1 g5
16.Nh4f3 h5
17.gxh5 O-O-O
18.Qd1b3 f5
19.Nf3xg5 Bh7g8
20.exf5 Qd7xf5
21.Rh1g1 Rh8xh5
22.Qb3b2 Rd8f8
23.Rg1g3 Qf5xf2
24.Kd1 Qf2xg3
25.Kc2 Rf8xf1
26.Nb1c3 dxc3
27.Bd2xc3 Rh5xg5
28.Kb3 Qg3xd3
29.h4 Nc6a5
30.Kb4 Rf1b1
31.Qb2xb1 Qd3xb1
32.Kc5 Qb1b6
{ resign }
0-1

[Event "Match"]
[Site "www.echecsemail.com"]
[Date "2017.05.29"]
[Round "1"]
[White "Caspito"]
[Black "Albertf"]
[WhiteElo "1920"]
[BlackElo "1730"]
[Result "0-1"]
[Round "1"]
1.e4 e5
2.Ng1f3 Nb8c6
3.Bf1b5 Ng8e7
4.O-O d5
5.Nf3g5 Qd8d6
6.Qd1f3 Qd6f6
7.Bb5xc6 bxc6
8.Qf3xf6 gxf6
9.Ng5h3 Rh8g8
10.Kh1 dxe4
11.Nh3g1 Ne7f5
12.Nb1c3 Nf5d6
13.b3 Bc8f5
14.Bc1b2 Bf8h6
15.Nc3d1 Bh6xd2
16.Ng1e2 Ke7
17.Ne2g3 Rg8g5
18.h4 Rg5g7
19.Kh2 Ra8g8
20.Rf1g1 Bd2f4
21.Bb2c1 Bf4xg3
22.fxg3 Rg7xg3
23.a4 Kd7
24.Bc1e3 a6
25.Be3f2 Rg3g7
26.Nd1e3 Bf5e6
27.g3 f5
28.Rg1g2 f4
29.Ne3f1 e3
30.Bf2xe3 fxe3
31.Nf1xe3 Nd6e4
32.Ra1g1 Ne4f6
33.c4 Kd6
34.c5 Kxc5
35.Rg1c1 Kb6
36.b4 Nf6g4
37.Ne3xg4 Rg7xg4
38.Rc1c5 Rg4xb4
39.Rc5xe5 Rb4xa4
40.Rg2b2 Ka7
41.Re5c5 Be6d5
42.Rc5c3 Rg8b8
43.Rb2f2 Ra4b4
44.Rc3c2 a5
45.h5 a4
46.Rf2e2 a3
{ resign }
0-1